UEFA Euro 1996 - Teams - Statistics

General Stats
  • This quiz has been taken 55 times
  • The average score is 14 of 16
Answer Stats
Squadra % Correct
Czech Republic
96%
France
96%
Germany
96%
Portugal
96%
England
94%
Italy
94%
Scotland
94%
Denmark
92%
Netherlands
92%
Russia
90%
Croatia
88%
Spain
88%
Switzerland
86%
Romania
84%
Bulgaria
80%
Turkey
80%
No matching quizzes found
Score Distribution
Percent of People with Each Score
Percentile by Number Answered
Your Score History
You have not taken this quiz